000 01008nam a2200301 a 4500
001 000110410
003 CHAP
005 20220329144131.0
008 140826s2007 mx a |rm |0|||||spa d
010 _a106872
011 _a107844
040 _cCHAP
090 _aTesis
100 1 _aVeres Jordá, Ernesto
_9127913
245 1 0 _aCambios en la legislación agraria de 1992 (Estudio de caso en los ejidos El Sauce y El Limón, Morelos) /
_cpor Ernesto Veres Jordá.
260 _aChapingo, Méx. :
_bEl autor,
_c2007.
300 _avii, 141 h.
_eil.
502 _aTesis (Ing. Agr. Esp. en Sociología Rural) -- UACH. Departamento de Sociología Rural
590 _aE6096MTM
_b05
_c20140826
_lUCH01
_h1121
650 1 4 _aAgricultura
_xLeyes
_xMéxico.
_91726
650 1 4 _aDerecho agrario
_xMéxico.
_931876
650 1 4 _aReforma agraria
_xLeyes.
_995561
650 1 4 _aReforma agraria
_zMéxico.
_995596
650 1 4 _aTierras
_xTenencia
_xLeyes.
_9113179
901 _aBK
942 _cTESIS
942 _n0
999 _c106872
_d106872